[Event "Kiev Independence Cup-B 3rd"]
[Site "Kiev"]
[Date "2003.08.07"]
[Round "6"]
[White "Khadzh Khamed, Naser"]
[Black "Smachenko, Vasily"]
[Result "1-0"]
[WhiteElo "1998"]
[BlackElo "2221"]
[PlyCount "102"]
[EventDate "2003.08.02"]
[EventType "swiss"]
[EventRounds "9"]
[EventCountry "UKR"]
[SourceTitle "EXT 2008"]
[Source "ChessBase"]
[SourceDate "2007.11.25"]
[SourceVersion "1"]
[SourceVersionDate "2007.11.25"]
[SourceQuality "1"]

1. d4 d5 2. c4 c6 3. Nc3 Nf6 4. Nf3 e6 5. Bg5 Be7 6. e3 Nbd7 7. Be2 0-0 8. h4 dxc4 9. Bxc4 a6 10. h5 c5 11. Bf4 b5 12. Bd3 Bb7 13. Rc1 cxd4 14. exd4 Rc8 15. a3 Nd5 16. Nxd5 Bxd5 17. Rh3 Nf6 18. Ne5 Rxc1 19. Bxc1 Ne4 20. Qc2 f5 21. Nc6 Qc7 22. Nxe7+ Qxe7 23. f3 Nf6 24. Bd2 Qd7 25. Bb4 Rc8 26. Bc5 Qc7 27. Qd2 h6 28. Kf2 Qf7 29. Qa5 Ra8 30. Bd6 Nxh5 31. Rh1 Nf6 32. Be5 Qg6 33. Qc7 Qf7 34. Rc1 Nd7 35. Bd6 Nf6 36. Qa5 Ne4+ 37. Bxe4 fxe4 38. Rc7 Qh5 39. Be5 Qg5 40. Rxg7+ Qxg7 41. Bxg7 Kxg7 42. Qc7+ Kg8 43. f4 b4 44. a4 b3 45. Kg3 e3 46. Qe5 Rc8 47. f5 Rc2 48. fxe6 e2 49. e7 Bf7 50. e8Q+ Bxe8 51. Qxe8+ Kg7 1-0

[Event "Kiev-ch"]
[Site "Kiev"]
[Date "2000.??.??"]
[Round "?"]
[White "Burakovsky, Marat"]
[Black "Smachenko, Vasily"]
[Result "0-1"]
[WhiteElo "2052"]
[BlackElo "2198"]
[PlyCount "140"]
[EventDate "2000.??.??"]
[EventType "swiss"]
[EventRounds "11"]
[EventCountry "UKR"]
[SourceTitle "EXT 2001"]
[Source "ChessBase"]
[SourceDate "2000.11.22"]
[SourceVersion "1"]
[SourceVersionDate "2000.11.22"]
[SourceQuality "1"]

1. e4 c6 2. d3 d5 3. Nd2 e5 4. Ngf3 Nd7 5. d4 exd4 6. exd5 cxd5 7. Nxd4 Ngf6 8. g3 Be7 9. Bg2 0-0 10. 0-0 Ne5 11. h3 Bd7 12. Re1 Bd6 13. Nf1 h6 14. Ne3 Qc8 15. Kh2 a6 16. c3 Re8 17. Ne2 Bc5 18. Nf4 Nc4 19. Nfxd5 Nxd5 20. Qxd5 Nxe3 21. Bxe3 Bxe3 22. Rxe3 Rxe3 23. fxe3 Bc6 24. Qc4 Qe8 25. Bxc6 bxc6 26. Re1 Rd8 27. Re2 Rd1 28. e4 a5 29. e5 Rd5 30. Qe4 Qe6 31. c4 Rd1 32. b3 Rd8 33. g4 Re8 34. Kg3 g6 35. Kf3 Rd8 36. Qe3 h5 37. Kg3 Qe7 38. Qe4 h4+ 39. Kf3 Rd1 40. Kf2 Qd7 41. e6 Qe7 42. Kg2 Qxe6 43. Qxe6 fxe6 44. Rxe6 Kf7 45. Re2 Kf6 46. a4 Rd3 47. Rb2 c5 48. Rf2+ Ke5 49. Re2+ Kd4 50. Re6 Rg3+ 51. Kh2 Rxb3 52. Rxg6 Kxc4 53. Rh6 Kd3 54. Rxh4 c4 55. Rh8 c3 56. Rd8+ Ke4 57. Rc8 Rb2+ 58. Kg3 c2 59. g5 Kd4 60. h4 Rb3+ 61. Kg4 Rc3 62. Rd8+ Kc4 63. Kh5 c1Q 64. Rc8+ Kd5 65. Rxc3 Qxc3 66. Kg6 Qc2+ 67. Kh6 Qxa4 68. h5 Ke5 69. g6 Kf6 70. Kh7 Qd7+ 0-1

[Event "Kiev-ch"]
[Site "Kiev"]
[Date "2000.??.??"]
[Round "?"]
[White "Smachenko, Vasily"]
[Black "Kiselev, Alexander"]
[Result "1-0"]
[WhiteElo "2198"]
[BlackElo "2178"]
[PlyCount "118"]
[EventDate "2000.??.??"]
[EventType "swiss"]
[EventRounds "11"]
[EventCountry "UKR"]
[SourceTitle "EXT 2001"]
[Source "ChessBase"]
[SourceDate "2000.11.22"]
[SourceVersion "1"]
[SourceVersionDate "2000.11.22"]
[SourceQuality "1"]

1. d4 Nf6 2. c4 e5 3. e3 exd4 4. exd4 d5 5. c5 g6 6. Nf3 Bg7 7. Be2 Ne4 8. Nc3 Nc6 9. Be3 0-0 10. Qb3 Nxc3 11. Qxc3 a5 12. a3 a4 13. 0-0 h6 14. Rad1 Bg4 15. h3 Bxf3 16. Bxf3 Qd7 17. Be2 Nd8 18. Qb4 f5 19. Bf4 Re8 20. Bb5 c6 21. Bxa4 Re4 22. Bd6 Nf7 23. Bh2 Rae8 24. Bc2 Re2 25. Bd3 R2e7 26. Kh1 Qe6 27. Bg1 Qf6 28. f3 Ng5 29. Rfe1 Rxe1 30. Rxe1 Rxe1 31. Qxe1 Ne6 32. Qb4 Qe7 33. a4 Nf4 34. Bf1 Nh5 35. Bf2 f4 36. Qd2 g5 37. Kg1 Ng3 38. Bd3 Bf6 39. b4 Qg7 40. Qe1 Kf8 41. Qe6 Qe7 42. Qxe7+ Kxe7 43. b5 Kd7 44. Kh2 h5 45. h4 gxh4 46. a5 cxb5 47. Bxb5+ Kc7 48. Bd3 Kc6 49. Kh3 Bd8 50. Be1 Bf6 51. Bc3 Nh1 52. Kh2 Nf2 53. Be2 Bg7 54. Kg1 h3 55. Kh2 Bf6 56. gxh3 Bh4 57. Kg2 Bg3 58. h4 Kc7 59. Be1 Nd1 1-0

[Event "Kiev-ch"]
[Site "Kiev"]
[Date "2000.??.??"]
[Round "?"]
[White "Smachenko, Vasily"]
[Black "Shkuta, Igor"]
[Result "1-0"]
[WhiteElo "2198"]
[BlackElo "2127"]
[PlyCount "129"]
[EventDate "2000.??.??"]
[EventType "swiss"]
[EventRounds "11"]
[EventCountry "UKR"]
[SourceTitle "EXT 2001"]
[Source "ChessBase"]
[SourceDate "2000.11.22"]
[SourceVersion "1"]
[SourceVersionDate "2000.11.22"]
[SourceQuality "1"]

1. d4 d5 2. c4 c6 3. Nc3 Nf6 4. Bg5 Ne4 5. Nxe4 dxe4 6. Bf4 Bf5 7. a3 Nd7 8. e3 e6 9. Ne2 Be7 10. Nc3 0-0 11. Be2 c5 12. 0-0 Rc8 13. Nb5 cxd4 14. exd4 a6 15. Nd6 Bxd6 16. Bxd6 Re8 17. c5 e5 18. b4 exd4 19. Qxd4 Nb8 20. Qd5 Qd7 21. Rfd1 Nc6 22. h3 Qe6 23. Qxe6 Bxe6 24. Rab1 Bf5 25. g4 Bg6 26. Rb2 e3 27. f3 h5 28. Kg2 Rcd8 29. Kg3 Kh7 30. Rd5 hxg4 31. hxg4 f6 32. Rd1 Kg8 33. a4 Bf7 34. b5 axb5 35. Rxb5 Rd7 36. Rb2 Ra8 37. Bb5 Rdd8 38. Rd3 Re8 39. Re2 g6 40. Bc7 Re7 41. Bd6 Ree8 42. Rexe3 Rxe3 43. Rxe3 Nd4 44. Re4 Nxb5 45. axb5 Be8 46. c6 Bxc6 47. bxc6 bxc6 48. Re7 Ra4 49. Rc7 Rc4 50. Be7 Kf7 51. Bc5+ Ke6 52. Rxc6+ Kd5 53. Rxf6 Rxc5 54. Rxg6 Rc1 55. Kf4 Rc3 56. Rb6 Rc8 57. g5 Rf8+ 58. Kg4 Ke5 59. Rb5+ Ke6 60. f4 Rh8 61. Rb7 Rh1 62. f5+ Ke5 63. Re7+ Kd6 64. Re2 Kd7 65. f6 1-0

[Event "Kiev Independence Cup op"]
[Site "Kiev"]
[Date "1999.??.??"]
[Round "?"]
[White "Nikolaev, Leonid"]
[Black "Smachenko, Vasily"]
[Result "1/2-1/2"]
[WhiteElo "2303"]
[BlackElo "2178"]
[PlyCount "92"]
[EventDate "1999.??.??"]
[EventType "swiss"]
[EventRounds "11"]
[EventCountry "UKR"]
[SourceTitle "EXT 2002"]
[Source "ChessBase"]
[SourceDate "2001.11.25"]
[SourceVersion "1"]
[SourceVersionDate "2001.11.25"]
[SourceQuality "1"]

1. Nf3 d5 2. c4 c6 3. g3 Nd7 4. cxd5 cxd5 5. Nc3 Ngf6 6. d4 e6 7. Bg2 a6 8. 0-0 Bd6 9. Bf4 Bxf4 10. gxf4 0-0 11. Kh1 Nh5 12. e3 g6 13. Rc1 b5 14. Nb1 Bb7 15. Nbd2 Qb6 16. Nb3 Rfc8 17. Ne5 Nhf6 18. Nc5 Rc7 19. Qd2 Rac8 20. b4 Qa7 21. Ncxd7 Nxd7 22. Rxc7 Rxc7 23. Nxd7 Rxd7 24. Rc1 Qb6 25. Qc3 Kf8 26. Bf3 Ke7 27. Kg2 Kd8 28. Qb2 Rc7 29. Rc5 Qd6 30. Kg1 Qe7 31. Qc3 f6 32. a4 Rxc5 33. bxc5 bxa4 34. Bd1 Qc7 35. Bxa4 Bc6 36. Bxc6 Qxc6 37. Qa5+ Kd7 38. Kf1 Qb7 39. Ke2 Qb2+ 40. Kf3 Qb7 41. Qa4+ Qc6 42. Qxc6+ Kxc6 43. Ke2 Kb5 44. Kd3 Ka5 45. Kc3 Kb5 46. Kb3 f5 1/2-1/2

[Event "Kiev-ch"]
[Site "Kiev"]
[Date "1999.??.??"]
[Round "9"]
[White "Smachenko, Vasily"]
[Black "Chistiakov, Anatolij"]
[Result "1-0"]
[WhiteElo "2178"]
[BlackElo "2005"]
[PlyCount "93"]
[EventDate "1999.02.??"]
[EventType "swiss"]
[EventRounds "11"]
[EventCountry "UKR"]
[SourceTitle "EXT 2000"]
[Source "ChessBase"]
[SourceDate "1999.11.16"]
[SourceVersion "1"]
[SourceVersionDate "1999.11.16"]
[SourceQuality "1"]

1. e4 d6 2. c4 Nf6 3. Nc3 c5 4. g3 Nc6 5. Bg2 g6 6. Nge2 Bg7 7. d3 0-0 8. 0-0 e5 9. h3 Bd7 10. f4 Qe8 11. Kh2 h6 12. fxe5 Nxe5 13. Nf4 Kh7 14. Qe2 Qd8 15. Be3 Rc8 16. Rae1 a6 17. Ncd5 Ng8 18. b3 b5 19. Rf2 b4 20. Ref1 a5 21. Qd2 h5 22. d4 cxd4 23. Bxd4 Rb8 24. Nd3 Nh6 25. Nxe5 dxe5 26. Bc5 Re8 27. Bd6 Rb7 28. c5 Re6 29. Qc1 Bc6 30. Bf3 f5 31. exf5 gxf5 32. Nf6+ Bxf6 33. Bxc6 Rg7 34. Rxf5 Nxf5 35. Be4 Rxd6 36. cxd6 Qxd6 37. Rxf5 Kg8 38. Qc8+ Kf7 39. Qb7+ Kf8 40. Qa8+ Kf7 41. Rf2 h4 42. g4 Qb6 43. Rc2 Bg5 44. Qc8 Bf4+ 45. Kg2 Qe3 46. Qb7+ Kf6 47. Rc6+ 1-0

[Event "Kiev-ch"]
[Site "Kiev"]
[Date "1999.??.??"]
[Round "11"]
[White "Smachenko, Vasily"]
[Black "Mezheritsky, Yuri"]
[Result "1-0"]
[WhiteElo "2178"]
[BlackElo "2140"]
[PlyCount "139"]
[EventDate "1999.02.??"]
[EventType "swiss"]
[EventRounds "11"]
[EventCountry "UKR"]
[SourceTitle "EXT 2000"]
[Source "ChessBase"]
[SourceDate "1999.11.16"]
[SourceVersion "1"]
[SourceVersionDate "1999.11.16"]
[SourceQuality "1"]

1. e4 d5 2. exd5 Qxd5 3. Nc3 Qa5 4. d4 c6 5. Nf3 Bf5 6. Be2 Nd7 7. 0-0 e6 8. Nh4 Bg6 9. Bf4 Ngf6 10. Nxg6 hxg6 11. a3 Be7 12. b4 Qf5 13. Bg3 a6 14. Bd3 Qg4 15. Qxg4 Nxg4 16. Ne4 Ndf6 17. Nxf6+ Bxf6 18. c3 Rd8 19. a4 0-0 20. Bc4 Nh6 21. Rfe1 Nf5 22. Bc7 Rd7 23. Bb6 Nd6 24. Bf1 Nc8 25. Bc5 Be7 26. Bc4 Rfd8 27. f3 Bf6 28. b5 cxb5 29. axb5 b6 30. Ba3 Rc7 31. Bf1 a5 32. Bb2 Nd6 33. Ra4 Rdc8 34. Kf2 Nc4 35. Bxc4 Rxc4 36. Rxc4 Rxc4 37. Ke3 Rc7 38. Kd3 Be7 39. Ra1 f6 40. Ba3 Kf7 41. c4 Rd7 42. Ke4 f5+ 43. Ke3 Bf6 44. Bb2 Bd8 45. Rc1 Rb7 46. Ba3 g5 47. Bd6 Be7 48. Bxe7 Kxe7 49. Kd3 Kd7 50. Kc3 Kc8 51. Rb1 Rc7 52. Rd1 Kb7 53. Re1 Re7 54. c5 bxc5 55. dxc5 e5 56. Kc4 e4 57. Re3 f4 58. Rxe4 Rxe4+ 59. fxe4 g4 60. e5 f3 61. gxf3 gxf3 62. Kd3 f2 63. Ke2 f1Q+ 64. Kxf1 a4 65. e6 a3 66. e7 a2 67. e8Q a1Q+ 68. Qe1 Qf6+ 69. Qf2 Qa1+ 70. Kg2 1-0

[Event "Kiev-ch"]
[Site "Kiev"]
[Date "1999.??.??"]
[Round "7"]
[White "Smachenko, Vasily"]
[Black "Shkuta, Igor"]
[Result "0-1"]
[WhiteElo "2178"]
[BlackElo "2166"]
[PlyCount "92"]
[EventDate "1999.02.??"]
[EventType "swiss"]
[EventRounds "11"]
[EventCountry "UKR"]
[SourceTitle "EXT 2000"]
[Source "ChessBase"]
[SourceDate "1999.11.16"]
[SourceVersion "1"]
[SourceVersionDate "1999.11.16"]
[SourceQuality "1"]

1. e4 e6 2. d4 d5 3. Nd2 Nf6 4. e5 Nfd7 5. Ngf3 c5 6. c3 Nc6 7. Be2 cxd4 8. cxd4 f6 9. exf6 Nxf6 10. 0-0 Bd6 11. Bd3 0-0 12. Re1 Qc7 13. Nf1 e5 14. dxe5 Nxe5 15. Nxe5 Bxe5 16. h3 Bd7 17. Rb1 Bc6 18. Qc2 Rad8 19. Bg5 h6 20. Bh4 Bd4 21. Ne3 Rde8 22. Nf5 Be5 23. b4 Ne4 24. Bxe4 dxe4 25. b5 Rxf5 26. bxc6 Qxc6 27. Qb3+ Kh7 28. Qxb7 Qxb7 29. Rxb7 Bd4 30. Rb4 Rd5 31. Rb3 Bb6 32. Rb2 Rd3 33. Rbe2 g5 34. Kf1 gxh4 35. Rxe4 Rxe4 36. Rxe4 Rd2 37. Re2 Rd1+ 38. Re1 Rxe1+ 39. Kxe1 Kg6 40. Ke2 Kf5 41. Kf3 a5 42. a4 Ke5 43. g3 hxg3 44. fxg3 Kd4 45. g4 Kc4 46. Kf4 Kb4 0-1

[Event "Kiev Independence Cup op"]
[Site "Kiev"]
[Date "1998.??.??"]
[Round "6"]
[White "Mishchenko, Victor"]
[Black "Smachenko, Vasily"]
[Result "1-0"]
[WhiteElo "2225"]
[BlackElo "2150"]
[PlyCount "91"]
[EventDate "1998.??.??"]
[EventType "swiss"]
[EventRounds "11"]
[EventCountry "UKR"]
[SourceTitle "EXT 2000"]
[Source "ChessBase"]
[SourceDate "1999.11.16"]
[SourceVersion "1"]
[SourceVersionDate "1999.11.16"]
[SourceQuality "1"]

1. e4 c6 2. d4 d5 3. Nd2 dxe4 4. Nxe4 Nf6 5. Nxf6+ exf6 6. Ne2 Bd6 7. Ng3 0-0 8. Be3 Re8 9. Be2 f5 10. Qd2 Qc7 11. Nh5 Nd7 12. g3 g6 13. Nf4 Nf6 14. f3 Qe7 15. Kf2 g5 16. Nd3 f4 17. gxf4 Nd5 18. Ne5 f6 19. Bc4 Kh8 20. Bxd5 cxd5 21. Nd3 g4 22. fxg4 Bxg4 23. Rhg1 f5 24. Rg3 Qh4 25. Kg2 Rg8 26. Bf2 Qh5 27. Qe3 Bh3+ 28. Kh1 Rxg3 29. Bxg3 Bg4 30. Ne5 Re8 31. Rf1 Kg7 32. Qb3 Bh3 33. Re1 Bxe5 34. dxe5 Qf7 35. Rd1 Rd8 36. Rg1 Bg4 37. h3 Qh5 38. Bh2 Kh8 39. hxg4 fxg4 40. Qxb7 g3 41. Rxg3 Qd1+ 42. Bg1 Rg8 43. Rxg8+ Kxg8 44. Qb8+ Kg7 45. Qxa7+ Kg6 46. Qf2 1-0

[Event "Kiev Independence Cup op"]
[Site "Kiev"]
[Date "1998.??.??"]
[Round "8"]
[White "Smachenko, Vasily"]
[Black "Dolzhikova, Olga"]
[Result "0-1"]
[WhiteElo "2150"]
[BlackElo "2240"]
[PlyCount "106"]
[EventDate "1998.??.??"]
[EventType "swiss"]
[EventRounds "11"]
[EventCountry "UKR"]
[SourceTitle "EXT 2000"]
[Source "ChessBase"]
[SourceDate "1999.11.16"]
[SourceVersion "1"]
[SourceVersionDate "1999.11.16"]
[SourceQuality "1"]

1. c4 Nf6 2. d4 g6 3. Nc3 Bg7 4. g3 d6 5. Bg2 0-0 6. e4 e5 7. d5 a5 8. Nge2 Na6 9. 0-0 Bd7 10. h3 Nc5 11. Be3 Ne8 12. Qd2 f5 13. f3 Nf6 14. Bg5 Rf7 15. Rad1 Qf8 16. Be3 b6 17. b3 Re8 18. Rb1 Nh5 19. g4 Nf4 20. Nxf4 exf4 21. Bd4 Bxd4+ 22. Qxd4 fxe4 23. Nxe4 Nxe4 24. fxe4 f3 25. Bh1 Qh6 26. Rxf3 Rxf3 27. Bxf3 Qxh3 28. Rf1 Rf8 29. Bg2 Rxf1+ 30. Kxf1 Qh4 31. e5 Qxg4 32. Qxg4 Bxg4 33. e6 Bf5 34. Bf3 Bb1 35. a3 Ba2 36. Ke2 Bxb3 37. Kd3 Kf8 38. Be4 Ke7 39. Kd4 Ba4 40. Ke3 Kf6 41. Kd4 h5 42. Bf3 Be8 43. Ke4 g5 44. Bg2 Bg6+ 45. Kd4 g4 46. Ke3 Ke5 47. Bf1 h4 48. Be2 Bh5 49. e7 Kf5 50. Bd1 Be8 51. Bc2+ Kg5 52. Kf2 Kf6 53. Bd1 g3+ 0-1